000 00410nam a2200157Ia 4500
003 GCL
008 140319s9999 xx 000 0 eng d
040 _aGCL /
_cGCL
082 0 4 _a720.222
_bR R
100 1 _aREEKIE, FRASER
245 1 0 _aREEKIE'S ARCHTECTURAL DRAWING /
_cREEKIE, FRASER
260 _a[S.N] :
_bEDWARD ARNOLD ،
_c1995
300 _a249 P
650 0 4 _aARCHITECTURE DRAWING
942 _2ddc
_cBK
999 _c12642
_d12642